000 00839nab a2200253 u 4500
001 16023
003 HDC
007 cr bn ---aaaaa
008 210220c mydr|noo 0 a may d
040 _aHDC
100 _aZiauddin Sharuddin
_eauthor
_915992
245 0 _aHasil daging, susu, telur dijangka RM1.61 bilion /
_cby Ziauddin Sharuddin
260 _aMalaysia :
_bBerita Harian,
_c2002
336 _atext
_2rdacontent
337 _acomputer
_2rdamedia
338 _aonline resource
_2rdacarrier
650 _adairy industry
_914049
650 _alivestock
_92405
710 _aBerita Harian
856 _zRequest full-text at [email protected]
942 _2lcc
942 _cNEWS
942 _kNSWO 008364
999 _c13339
_d13339